000 00570cam a22002174a 4500
005 20250605164307.0
008 250528s ||||||||||||||||||||||||d
035 _a22332
020 _a9789604069958
040 _aGR-AtMCL
_bgre
_dGR-AtMCL
_eAACR2
245 1 _aΑΝΘΡΩΠΙΝΗ ΕΠΙΚΟΙΝΩΝΙΑ
250 _a2
260 _bΕλληνικά Γράμματα,
_c1967
300 _a357
700 1 _aBavelas, Janet Beavin
_98185
700 1 _aJackson Don D
_98186
700 1 _aWatzlawick Paul
_98187
942 _cBK
999 _c7386
_d7386